| 000 | 00903cam a2200277 a 4500 | ||
|---|---|---|---|
| 003 | OSt | ||
| 005 | 20240530110425.0 | ||
| 008 | 130723s2012 ua ac f 000 0 eng d | ||
| 010 | _a 2013427014 | ||
| 020 | _a9774165764 | ||
| 020 | _a9789774165764 | ||
| 040 |
_aEG-CaGPL _cEG-CaGPL |
||
| 042 | _alccopycat | ||
| 082 |
_221 _a962.081 _bCC/G R |
||
| 100 | 1 | _aGröndahl , Mia. | |
| 245 | 1 | 0 |
_aRevolution graffiti : _bstreet art of the new Egypt / _cMia Gröndahl |
| 260 |
_aCairo : _bAmerican University in Cairo Press, _c2012. |
||
| 300 |
_axiii, 193 p. : _bill. ; _c22 x 25 cm. |
||
| 650 | 0 |
_aGraffiti _zEgypt _vPictorial works. |
|
| 650 | 0 |
_aStreet art _zEgypt _vPictorial works. |
|
| 650 | 0 |
_aRevolutions _zEgypt _y21st century. |
|
| 651 | 0 |
_aEgypt _xHistory _yProtests, 2011- |
|
| 942 |
_2ddc _cBK |
||
| 999 |
_c60728 _d60728 |
||